000 00681nam a2200253Ia 4500
003 OSt
005 20221007075702.0
006 a|||||r|||| 00| 0
007 ta
008 221006b |||||||| |||| 00| 0 eng d
024 _a6,819
037 _cTextual
040 _aFLL
_cFLL
_beng
041 _2eng
_aeng
082 _aY11:45:6, P5
100 _aChoudhry R.N. Au.
245 0 _aLaw relating to juvenile Justice in India
250 _a1st
260 _aNew Delhi
_bOrient pub. comp. India
_c2005
300 _alvi,800p
_ccm.
650 _aJuvenile justice
_9694132
942 _hY11:45:6, P5
_cTEXL
_2CC
999 _c1157007
_d1157007